000 00584nam a22002297a 4500
003 UA-OsUOA
001 95816
007 ta
008 20130311b un ||||| |||| 00| 0 ukr d
100 _aВіконська Д.
090 _a821.161.2
_bВ55
942 _cBK
040 _aUA-OsUOA
_bukr
_cUA-OsUOA
_dUA-OsUOA
245 _aЗа силу й перемогу
_b1
300 _a286 с.
955 _a1
041 _aukr
080 _a821.161.2
260 _aЛьвів
_c1938
650 7 _a82 Література. Літературознавство
_2UDC
999 _c382064
_d382064